| 000 | 00703nam a22001937a 4500 | ||
|---|---|---|---|
| 999 |
_c169625 _d169625 |
||
| 005 | 20191127123544.0 | ||
| 010 | _aUR-10630 | ||
| 020 |
_c175.00 _a9789389002126 |
||
| 035 | _aU-9185 | ||
| 037 |
_bDBAD/PUB _a- |
||
| 082 | _a841 | ||
| 100 | _aر ا ہی غلا م مر تضی | ||
| 245 |
_aگل سر سيد (منتخب غز ليں ،چنيند ہ ا شعا ر ) _cر ا ہی غلا م مر تضی |
||
| 246 |
_bGul-e-Sarsabad (Urdu) _aby Gulam Murtaza Rahi |
||
| 260 |
_aDelhi _bEducational Publishing House _c2019 ء |
||
| 270 |
_a3191,Vakil Street, Kucha Pandit,Lal Kuan, _bDelhi _e110006 _k01123216162 _l- |
||
| 300 |
_a168 ص _c22 Cm(Hb) |
||
| 942 |
_2ddc _cUR _h841 _mر ا ہ |
||